000 00524cam a2200169 4500500
005 20260405002005.0
041 _afre
042 _adc
100 1 0 _aRogé, Antoine
_eauthor
245 0 0 _aLe gigot d’agneau de saint Thomas
260 _c2015.
500 _a70
690 _aAgneau
690 _aSaint Thomas d’Aquin
786 0 _nPhilosophie magazine | 89 | 5 | 2015-05-01 | p. 85-85 | 1951-1787
856 4 1 _uhttps://shs.cairn.info/magazine-philosophie-magazine-2015-5-page-85?lang=fr&redirect-ssocas=7080
999 _c2053051
_d2053051